000 00627nam a22002057a 4500
005 20171129140327.0
010 _a1718EN-30 ENG-121665
020 _a9789386367686
_c695.00
035 _aEN-105197
037 _bAlpna Edition
_adpl
037 _bDBAD/PUB
082 _aS
100 _aPatten, William
245 _aThe junior classics :
_cby William Patten
_bstories of courage and heroism /
260 _aNew Delhi
_bAlpna Edition
_c2017
270 _a2/41, Ansari Road, Darya Ganj,
_bNew Delhi
_e110002
300 _a444p.
_c23cm(pbk)
942 _2ddc
_cEN
_mPAT
_hS
999 _c145335
_d145335